RICS appraisal and valuation manual. (Record no. 94391)

MARC details
000 -LEADER
fixed length control field 01762cam a2200481 4500
008 - FIXED-LENGTH DATA ELEMENTS--GENERAL INFORMATION
fixed length control field 090401t1995 xxu||||| |||| 00| 0 eng d
020 ## - INTERNATIONAL STANDARD BOOK NUMBER
International Standard Book Number 0854066993
035 ## - SYSTEM CONTROL NUMBER
System control number (Sirsi) u62288
041 ## - LANGUAGE CODE
Language code of text/sound track or separate title eng
050 ## - LIBRARY OF CONGRESS CALL NUMBER
Classification number 333.332
090 ## - LOCALLY ASSIGNED LC-TYPE CALL NUMBER (OCLC); LOCAL CALL NUMBER (RLIN)
Classification number (OCLC) (R) ; Classification number, CALL (RLIN) (NR) RICS 1995/62ABCD
110 ## - MAIN ENTRY--CORPORATE NAME
Corporate name or jurisdiction name as entry element Royal Institution of Chartered Surveyors
9 (RLIN) 4900
245 ## - TITLE STATEMENT
Title RICS appraisal and valuation manual.
260 ## - PUBLICATION, DISTRIBUTION, ETC.
Place of publication, distribution, etc. London
Name of publisher, distributor, etc. RICS
Date of publication, distribution, etc. 1995
300 ## - PHYSICAL DESCRIPTION
Extent 1 v. (loose-leaf)
350 ## - PRICE (NR) (BK AM CF MU VM SE) [OBSOLETE]
Price 76
490 ## - SERIES STATEMENT
Series statement RICS Guidance Note
490 ## - SERIES STATEMENT
Series statement RICS Red Book
490 ## - SERIES STATEMENT
Series statement RICS Information Paper
520 ## - SUMMARY, ETC.
Summary, etc. Amalgamates and revises `Statements of Asset Valuation Practice and Guidance Notes` (Red Book) and `Manual of Valuation Guidance Notes` (White Book). Produced in association with the Incorporated Society of Valuers and Auctioneers and the Institute of Revenues Rating and Valuation. Loan copies to be returned to the library by recorded delivery.
520 ## - SUMMARY, ETC.
Summary, etc. Superseded 1 May 2003 "RICS appraisal and valuation standards" (ISBN 1842191233).
650 ## - SUBJECT ADDED ENTRY--TOPICAL TERM
Topical term or geographic name entry element APPRAISAL AND VALUATION MANUAL
650 ## - SUBJECT ADDED ENTRY--TOPICAL TERM
Topical term or geographic name entry element ASSET VALUATION
650 ## - SUBJECT ADDED ENTRY--TOPICAL TERM
Topical term or geographic name entry element ASSETS
650 ## - SUBJECT ADDED ENTRY--TOPICAL TERM
Topical term or geographic name entry element CONTAMINATED LAND
650 ## - SUBJECT ADDED ENTRY--TOPICAL TERM
Topical term or geographic name entry element ELECTROMAGNETIC FIELDS
650 ## - SUBJECT ADDED ENTRY--TOPICAL TERM
Topical term or geographic name entry element GUIDANCE NOTES
650 ## - SUBJECT ADDED ENTRY--TOPICAL TERM
Topical term or geographic name entry element HAZARDOUS MATERIALS
650 ## - SUBJECT ADDED ENTRY--TOPICAL TERM
Topical term or geographic name entry element INCORPORATED SOCIETY OF VALUERS AND AUCTIONEERS
650 ## - SUBJECT ADDED ENTRY--TOPICAL TERM
Topical term or geographic name entry element INSTITUTE OF REVENUES RATING AND VALUATION
650 ## - SUBJECT ADDED ENTRY--TOPICAL TERM
Topical term or geographic name entry element MERGER
650 ## - SUBJECT ADDED ENTRY--TOPICAL TERM
Topical term or geographic name entry element PRACTICE STATEMENTS
650 ## - SUBJECT ADDED ENTRY--TOPICAL TERM
Topical term or geographic name entry element PRE-PURCHASE REPORTS
650 ## - SUBJECT ADDED ENTRY--TOPICAL TERM
Topical term or geographic name entry element RADON
650 ## - SUBJECT ADDED ENTRY--TOPICAL TERM
Topical term or geographic name entry element RED AND WHITE BOOK
650 ## - SUBJECT ADDED ENTRY--TOPICAL TERM
Topical term or geographic name entry element RICS APPRAISAL AND VALUATION MANUAL
650 ## - SUBJECT ADDED ENTRY--TOPICAL TERM
Topical term or geographic name entry element VALUATION REPORTS
650 ## - SUBJECT ADDED ENTRY--TOPICAL TERM
Topical term or geographic name entry element Valuation
9 (RLIN) 6273
650 ## - SUBJECT ADDED ENTRY--TOPICAL TERM
Topical term or geographic name entry element WHITE BOOK
690 ## - LOCAL SUBJECT ADDED ENTRY--TOPICAL TERM (OCLC, RLIN)
Topical term or geographic name as entry element RATING AND VALUATION
942 ## - ADDED ENTRY ELEMENTS (KOHA)
Suppress in OPAC 0
Source of classification or shelving scheme Dewey Decimal Classification
948 ## - LOCAL PROCESSING INFORMATION (OCLC); SERIES PART DESIGNATOR (RLIN)
c (OCLC) 04/03/1997
Holdings
Withdrawn status Lost status Source of classification or shelving scheme Damaged status Not for loan Home library Current library Shelving location Date acquired Cost, normal purchase price Total Checkouts Full call number Barcode Date last seen Copy number Cost, replacement price Price effective from Koha item type Date last checked out
    Dewey Decimal Classification     London London RICS Boxes 07/09/1995 76.00   RICS 1995/62 30075155 06/08/2019 1 76.00 06/08/2019 Archive  
    Dewey Decimal Classification     London London RICS Boxes 07/09/1995 76.00   RICS 1995/62 30075151 06/08/2019 2 76.00 06/08/2019 Reference material  
    Dewey Decimal Classification     London London RICS Boxes 18/01/2001 100.00 31 RICS 1995/62 30075159 06/08/2019 3 100.00 06/08/2019 Book 30/09/2009
    Dewey Decimal Classification     London London RICS Boxes 07/09/1995 76.00 40 RICS 1995/62 30054147 06/08/2019 4 76.00 06/08/2019 Book 02/04/2008